[Event "Arandjelovac op 2nd"]
[Site "Arandjelovac"]
[Date "2023.08.03"]
[Round "6"]
[White "Sai Mahati, A."]
[Black "Djoric, Dusan"]
[Result "1-0"]
[WhiteElo "1878"]
[BlackElo "2084"]
[PlyCount "45"]
[EventDate "2023.07.31"]
[EventType "swiss"]
[EventRounds "9"]
[EventCountry "SRB"]
[SourceTitle "CBM 215 Extra"]
[Source "ChessBase"]
[SourceDate "2023.09.30"]
[SourceVersion "1"]
[SourceVersionDate "2023.09.30"]
[SourceQuality "1"]

1. d4 d5 2. c4 c6 3. Nc3 Nf6 4. Nf3 Bf5 5. cxd5 cxd5 6. Qb3 Bc8 7. Bf4 a6 8. e3 Nc6 9. Bd3 e6 10. 0-0 b5 11. Rac1 Na5 12. Qc2 Bd6 13. Bxd6 Qxd6 14. Bxb5+ Ke7 15. Bd3 Bb7 16. Na4 Rhc8 17. Nc5 Qb6 18. Ne5 Nc6 19. Na4 Qd8 20. Qb3 Rab8 21. Rxc6 Bxc6 22. Qxb8 Rxb8 23. Nxc6+ 1-0

[Event "Arandjelovac op 2nd"]
[Site "Arandjelovac"]
[Date "2023.08.02"]
[Round "4"]
[White "Djoric, Dusan"]
[Black "Savic, Robert"]
[Result "1-0"]
[WhiteElo "2084"]
[BlackElo "1908"]
[PlyCount "99"]
[EventDate "2023.07.31"]
[EventType "swiss"]
[EventRounds "9"]
[EventCountry "SRB"]
[SourceTitle "CBM 215 Extra"]
[Source "ChessBase"]
[SourceDate "2023.09.30"]
[SourceVersion "1"]
[SourceVersionDate "2023.09.30"]
[SourceQuality "1"]

1. e4 c5 2. Nf3 d6 3. d4 cxd4 4. Nxd4 Nf6 5. Nc3 a6 6. g3 e5 7. Nde2 Be6 8. Bg2 Be7 9. h3 b5 10. a4 b4 11. Nd5 Bxd5 12. exd5 a5 13. c3 Na6 14. Be3 Qb8 15. 0-0 Bd8 16. Qd3 Nd7 17. Qb5 Bb6 18. Bxb6 Qxb6 19. cxb4 Qxb5 20. axb5 Nxb4 21. f4 f6 22. fxe5 fxe5 23. Ra3 Nc5 24. Raf3 Ra7 25. Nc3 Nc2 26. Rd1 Rf8 27. Rxf8+ Kxf8 28. Ne4 Ne3 29. Nxc5 dxc5 30. Rc1 Nxg2 31. Kxg2 Ke7 32. Rxc5 Kd6 33. b6 Rb7 34. Rb5 e4 35. Kf2 a4 36. h4 h5 37. Ke2 Ke5 38. Ke3 g6 39. Ke2 Kf5 40. Kd2 Kf6 41. Kc3 Ke5 42. Kc4 Kf5 43. Kd4 Kg4 44. Kxe4 Kxg3 45. d6 Kxh4 46. Kf3 g5 47. Kg2 g4 48. d7 Rxd7 49. b7 Rd2+ 50. Kf1 1-0

[Event "Arandjelovac op 2nd"]
[Site "Arandjelovac"]
[Date "2023.08.01"]
[Round "2"]
[White "Tolstykh, Viktor"]
[Black "Djoric, Dusan"]
[Result "0-1"]
[WhiteElo "2037"]
[BlackElo "2084"]
[PlyCount "54"]
[EventDate "2023.07.31"]
[EventType "swiss"]
[EventRounds "9"]
[EventCountry "SRB"]
[SourceTitle "CBM 215 Extra"]
[Source "ChessBase"]
[SourceDate "2023.09.30"]
[SourceVersion "1"]
[SourceVersionDate "2023.09.30"]
[SourceQuality "1"]

1. d4 d5 2. c4 e6 3. Nf3 f5 4. e3 Nf6 5. Qc2 c6 6. Be2 Nbd7 7. 0-0 Ne4 8. b3 Bd6 9. Ba3 Bxa3 10. Nxa3 Qa5 11. Qb2 Qc3 12. Qxc3 Nxc3 13. Bd3 Ne4 14. Ne5 Nxe5 15. dxe5 Nc5 16. Rfd1 a5 17. Nc2 a4 18. Rab1 axb3 19. axb3 0-0 20. Nd4 f4 21. exf4 Rxf4 22. Ne2 Nxd3 23. Rxd3 Re4 24. Ng3 Rh4 25. Ne2 dxc4 26. Rd8+ Kf7 27. bxc4 Rxc4 0-1

[Event "Brcko 1st"]
[Site "Brcko"]
[Date "2023.07.03"]
[Round "9"]
[White "Mikanovic, Sandro"]
[Black "Djoric, Dusan"]
[Result "1-0"]
[WhiteElo "2307"]
[BlackElo "2125"]
[PlyCount "79"]
[EventDate "2023.06.28"]
[EventType "tourn"]
[EventRounds "9"]
[EventCountry "BIH"]
[SourceTitle "EXT 2024"]
[Source "ChessBase"]
[SourceDate "2023.10.10"]
[SourceVersion "1"]
[SourceVersionDate "2023.10.10"]
[SourceQuality "1"]

1. d4 Nf6 2. Nf3 e6 3. c4 d5 4. Nc3 Bb4 5. Qc2 0-0 6. e3 h6 7. Bd3 c6 8. 0-0 b6 9. cxd5 exd5 10. a3 Bd6 11. b4 Bg4 12. Ne5 Be6 13. f4 a5 14. Rb1 axb4 15. axb4 Qe7 16. b5 c5 17. Bd2 Rc8 18. Rbc1 cxd4 19. exd4 Qd8 20. f5 Bd7 21. Qd1 Ra3 22. Qe1 Be8 23. Qh4 Ne4 24. Qxd8 Rxd8 25. Bxe4 Bxe5 26. dxe5 dxe4 27. e6 Rxd2 28. Nb1 Rad3 29. Nxd2 Rxd2 30. Rc8 Kf8 31. Rxb8 fxe6 32. fxe6+ Ke7 33. Rb7+ Kxe6 34. Rxb6+ Ke5 35. Rb7 Ke6 36. b6 e3 37. Rxg7 e2 38. Re1 Rb2 39. b7 Bc6 40. Rxe2+ 1-0

[Event "Brcko 1st"]
[Site "Brcko"]
[Date "2023.07.02"]
[Round "8"]
[White "Djoric, Dusan"]
[Black "Seslija, Zoran"]
[Result "1-0"]
[WhiteElo "2125"]
[BlackElo "2150"]
[PlyCount "59"]
[EventDate "2023.06.28"]
[EventType "tourn"]
[EventRounds "9"]
[EventCountry "BIH"]
[SourceTitle "EXT 2024"]
[Source "ChessBase"]
[SourceDate "2023.10.10"]
[SourceVersion "1"]
[SourceVersionDate "2023.10.10"]
[SourceQuality "1"]

1. e4 e5 2. Nf3 Nc6 3. Nc3 Nf6 4. a3 Bc5 5. Bb5 0-0 6. 0-0 d6 7. Bxc6 bxc6 8. d4 exd4 9. Nxd4 Bd7 10. h3 Re8 11. Re1 a5 12. Bg5 h6 13. Bh4 Bb6 14. Qd2 Qe7 15. Rad1 Bxd4 16. Qxd4 c5 17. Qd2 Bc6 18. Nd5 Bxd5 19. exd5 Qd8 20. Rxe8+ Qxe8 21. Bxf6 gxf6 22. Qxh6 c4 23. Qxf6 Qe2 24. Rd4 Re8 25. Rg4+ Kf8 26. Rh4 Qe1+ 27. Kh2 Qe5+ 28. Qxe5 Rxe5 29. Rxc4 Rxd5 30. Rxc7 1-0

[Event "Brcko 1st"]
[Site "Brcko"]
[Date "2023.06.29"]
[Round "2"]
[White "Muratovic, Alija"]
[Black "Djoric, Dusan"]
[Result "1-0"]
[WhiteElo "2505"]
[BlackElo "2125"]
[PlyCount "71"]
[EventDate "2023.06.28"]
[EventType "tourn"]
[EventRounds "9"]
[EventCountry "BIH"]
[SourceTitle "EXT 2024"]
[Source "ChessBase"]
[SourceDate "2023.10.10"]
[SourceVersion "1"]
[SourceVersionDate "2023.10.10"]
[SourceQuality "1"]

1. e4 e5 2. Nf3 Nc6 3. Bb5 a6 4. Ba4 Nf6 5. 0-0 Be7 6. Re1 b5 7. Bb3 d6 8. c3 0-0 9. h3 Bb7 10. d4 Na5 11. Bc2 exd4 12. cxd4 c5 13. Nc3 b4 14. Na4 Nd7 15. b3 Nc6 16. d5 Nce5 17. Nxe5 Nxe5 18. f4 Nd7 19. Bb2 f5 20. e5 Nb6 21. Nxb6 Qxb6 22. Kh2 Bh4 23. g3 Be7 24. e6 Rac8 25. g4 c4 26. Bd4 Qc7 27. gxf5 c3 28. f6 Bxf6 29. e7 Bxe7 30. Qh5 Rxf4 31. Qxh7+ Kf8 32. Qh8+ Kf7 33. Bg6+ Kxg6 34. Qxg7+ Kh5 35. Qh7+ Kg5 36. Rg1+ 1-0

[Event "Brcko Velemajstor CC 1st"]
[Site "Brcko"]
[Date "2023.03.31"]
[Round "9"]
[White "Djoric, Dusan"]
[Black "Seslija, Zoran"]
[Result "1/2-1/2"]
[WhiteElo "2162"]
[BlackElo "2166"]
[PlyCount "22"]
[EventDate "2023.03.26"]
[EventType "tourn"]
[EventRounds "9"]
[EventCountry "BIH"]
[SourceTitle "CBM 213 Extra"]
[Source "ChessBase"]
[SourceDate "2023.05.31"]
[SourceVersion "1"]
[SourceVersionDate "2023.05.31"]
[SourceQuality "1"]

1. Nf3 d5 2. g3 Bf5 3. Bg2 e6 4. 0-0 Nf6 5. d3 Be7 6. b3 c5 7. Nbd2 Nc6 8. e3 h6 9. Re1 0-0 10. Bb2 a5 11. a4 Qc7 1/2-1/2

[Event "Arandjelovac op 1st"]
[Site "Arandjelovac"]
[Date "2023.03.17"]
[Round "4"]
[White "Cabrilo, Goran"]
[Black "Djoric, Dusan"]
[Result "1/2-1/2"]
[WhiteElo "2315"]
[BlackElo "2167"]
[PlyCount "91"]
[EventDate "2023.03.15"]
[EventType "swiss"]
[EventRounds "9"]
[EventCountry "SRB"]
[SourceTitle "CBM 213 Extra"]
[Source "ChessBase"]
[SourceDate "2023.05.31"]
[SourceVersion "1"]
[SourceVersionDate "2023.05.31"]
[SourceQuality "1"]

1. e4 e5 2. Nf3 Nf6 3. Nxe5 d6 4. Nf3 Nxe4 5. d4 d5 6. Bd3 Nc6 7. 0-0 Be7 8. c4 Nb4 9. Be2 dxc4 10. Bxc4 0-0 11. Nc3 Bf5 12. Bb3 c5 13. Nxe4 Bxe4 14. Re1 Bd5 15. Bxd5 Nxd5 16. dxc5 Bxc5 17. Qb3 Nb4 18. Be3 Bxe3 19. Rxe3 Qb6 20. a3 Nc6 21. Qxb6 axb6 22. Rb3 Ra6 23. Rd1 f6 24. h4 Rf7 25. Rd5 Re7 26. Kf1 Kf7 27. g3 Ke8 28. Rdb5 Na5 29. Rc3 Nc6 30. Nd2 Kd8 31. Nc4 Kc7 32. Ne3 Kb8 33. Nd5 Re5 34. Rxb6 Rxb6 35. Nxb6 Kc7 36. Nc4 Rd5 37. Ke1 g5 38. hxg5 fxg5 39. Ne3 Rb5 40. b4 Kb8 41. Rd3 h5 42. Nd5 h4 43. gxh4 gxh4 44. a4 Nxb4 45. axb5 Nxd3+ 46. Kf1 1/2-1/2

[Event "Arandjelovac op 1st"]
[Site "Arandjelovac"]
[Date "2023.03.16"]
[Round "3"]
[White "Djoric, Dusan"]
[Black "Culum, Sanjin"]
[Result "1-0"]
[WhiteElo "2167"]
[BlackElo "2296"]
[PlyCount "89"]
[EventDate "2023.03.15"]
[EventType "swiss"]
[EventRounds "9"]
[EventCountry "SRB"]
[SourceTitle "CBM 213 Extra"]
[Source "ChessBase"]
[SourceDate "2023.05.31"]
[SourceVersion "1"]
[SourceVersionDate "2023.05.31"]
[SourceQuality "1"]

1. e4 c5 2. c3 Nf6 3. e5 Nd5 4. d4 cxd4 5. Nf3 Nc6 6. Bc4 Nb6 7. Bb3 d5 8. exd6 Qxd6 9. Nxd4 Nxd4 10. Qxd4 Qxd4 11. cxd4 e6 12. Nc3 Bd7 13. d5 Nxd5 14. Nxd5 exd5 15. Bxd5 Bb4+ 16. Bd2 Bxd2+ 17. Kxd2 0-0-0 18. Kc3 Bg4 19. Bc4 Rd7 20. f3 Bf5 21. Rad1 Rc7 22. a4 Be6 23. Rd4 Bxc4 24. Rxc4 Re8 25. Rxc7+ Kxc7 26. Kd3 Kb6 27. Rc1 Re7 28. b4 a5 29. bxa5+ Kxa5 30. Rc4 b6 31. h4 h6 32. g4 g6 33. Rc6 Rb7 34. h5 gxh5 35. gxh5 Kxa4 36. Rxh6 f5 37. Ke3 b5 38. Ra6+ Kb3 39. Kf4 Kc2 40. h6 b4 41. Ra2+ Kc3 42. Rh2 Rb8 43. h7 Rh8 44. Kxf5 b3 45. Kg6 1-0

[Event "Belgrade Gligoric 100 Ann op"]
[Site "Belgrade"]
[Date "2023.02.05"]
[Round "3"]
[White "Djoric, Dusan"]
[Black "Sakotic, Nikola"]
[Result "1/2-1/2"]
[WhiteElo "2167"]
[BlackElo "1661"]
[PlyCount "86"]
[EventDate "2023.02.05"]
[EventType "swiss (blitz)"]
[EventRounds "11"]
[EventCountry "SRB"]
[SourceTitle "EXT 2024"]
[Source "ChessBase"]
[SourceDate "2023.10.10"]
[SourceVersion "1"]
[SourceVersionDate "2023.10.10"]
[SourceQuality "1"]

1. d4 Nf6 2. Nf3 d5 3. c4 e6 4. e3 Be7 5. Bd3 dxc4 6. Bxc4 0-0 7. 0-0 c5 8. a3 Nc6 9. dxc5 Qxd1 10. Rxd1 Bxc5 11. b4 Bb6 12. Bb2 Rd8 13. Nc3 Bd7 14. Na4 Be8 15. Nxb6 axb6 16. h3 Kf8 17. Kf1 Ke7 18. Ke1 Rxd1+ 19. Rxd1 Rd8 20. Rxd8 Kxd8 21. g4 h6 22. Ne5 Nxe5 23. Bxe5 b5 24. Be2 Bc6 25. f3 Ke7 26. e4 Ne8 27. Kd2 f6 28. Bg3 e5 29. h4 Ke6 30. Bf2 Nd6 31. Kc3 Bxe4 32. Bc5 Bc6 33. Kd2 Nc4+ 34. Bxc4+ bxc4 35. Ke3 b5 36. h5 Bd5 37. f4 exf4+ 38. Kxf4 c3 39. Bd4 c2 40. Bb2 Bb3 41. Ke4 Ba4 42. Bc1 Bb3 43. Bb2 Ba4 1/2-1/2

[Event "Belgrade Gligoric 100 Ann op"]
[Site "Belgrade"]
[Date "2023.02.05"]
[Round "8"]
[White "Martynov, Aleksandr1111"]
[Black "Djoric, Dusan"]
[Result "0-1"]
[WhiteElo "1660"]
[BlackElo "2167"]
[PlyCount "77"]
[EventDate "2023.02.05"]
[EventType "swiss (blitz)"]
[EventRounds "11"]
[EventCountry "SRB"]
[SourceTitle "EXT 2024"]
[Source "ChessBase"]
[SourceDate "2023.10.10"]
[SourceVersion "1"]
[SourceVersionDate "2023.10.10"]
[SourceQuality "1"]

1. e4 e5 2. Nf3 Nf6 3. Nxe5 d6 4. Nf3 Nxe4 5. Nc3 Nxc3 6. dxc3 Be7 7. Bd3 Nc6 8. Be3 Ne5 9. Nxe5 dxe5 10. Qe2 c6 11. 0-0-0 Qc7 12. h4 Be6 13. c4 0-0-0 14. Bd2 f5 15. f3 Bf6 16. g4 e4 17. fxe4 fxg4 18. h5 h6 19. Kb1 Rhe8 20. Rhf1 Be5 21. Be3 c5 22. Qf2 b6 23. Rg1 Rf8 24. Qe2 Rf3 25. Bc1 Rdf8 26. Qe1 Bd4 27. Rg2 Bf2 28. Qe2 g3 29. e5 Rxd3 30. Rxd3 Qc6 31. Rgxg3 Bxg3 32. Rxg3 Qh1 33. Qe3 Qxh5 34. Rxg7 Rf7 35. Rg8+ Kc7 36. Rg3 Qf5 37. b3 Qf2 38. Kb2 Qxe3 39. Bxe3 0-1

[Event "Belgrade Gligoric 100 Ann op"]
[Site "Belgrade"]
[Date "2023.02.05"]
[Round "6"]
[White "Poleksic, Dusan"]
[Black "Djoric, Dusan"]
[Result "0-1"]
[WhiteElo "2105"]
[BlackElo "2167"]
[PlyCount "27"]
[EventDate "2023.02.05"]
[EventType "swiss (blitz)"]
[EventRounds "11"]
[EventCountry "SRB"]
[SourceTitle "EXT 2024"]
[Source "ChessBase"]
[SourceDate "2023.10.10"]
[SourceVersion "1"]
[SourceVersionDate "2023.10.10"]
[SourceQuality "1"]

1. d4 Nf6 2. c4 e6 3. Nc3 d5 4. cxd5 exd5 5. Bg5 Be7 6. e3 0-0 7. Qc2 c6 8. Bd3 h6 9. h4 Na6 10. a3 Nc7 11. f3 Ne6 12. g4 hxg5 13. hxg5 Nxg5 14. f4 0-1

[Event "SRB-chT 2nd League"]
[Site "Vrnjacka Banja"]
[Date "2022.11.09"]
[Round "8.2"]
[White "Rogac, Srdjan"]
[Black "Djoric, Dusan"]
[Result "1/2-1/2"]
[WhiteElo "2301"]
[BlackElo "2201"]
[PlyCount "153"]
[EventDate "2022.11.04"]
[EventType "team-tourn"]
[EventRounds "11"]
[EventCountry "SRB"]
[SourceTitle "CBM 211 Extra"]
[Source "ChessBase"]
[SourceDate "2023.01.31"]
[SourceVersion "1"]
[SourceVersionDate "2023.01.31"]
[SourceQuality "1"]
[WhiteTeam "Jazak Car Uros"]
[BlackTeam "Pancevo Gligoric"]
[WhiteTeamCountry "SRB"]
[BlackTeamCountry "SRB"]

1. e4 c5 2. c3 d5 3. exd5 Qxd5 4. d4 e5 5. dxe5 Qxd1+ 6. Kxd1 Nc6 7. Bf4 Nge7 8. Nf3 Ng6 9. Bg3 Bg4 10. Be2 0-0-0+ 11. Nbd2 Bxf3 12. gxf3 h5 13. h3 Ngxe5 14. Kc2 h4 15. Bh2 g5 16. Ne4 Be7 17. Rhg1 Rhg8 18. f4 gxf4 19. Bxf4 f6 20. Be3 f5 21. Nd2 Bd6 22. Nc4 Nxc4 23. Bxc4 Rxg1 24. Rxg1 f4 25. Bc1 Re8 26. Rg4 Ne5 27. Rg8 Rxg8 28. Bxg8 Nf3 29. Be6+ Kc7 30. Kd3 Ng5 31. Bg4 b5 32. b3 Be5 33. Bd2 Kd6 34. f3 Kd5 35. Be1 c4+ 36. bxc4+ bxc4+ 37. Kc2 Nf7 38. Bxh4 Nd6 39. Bd7 a6 40. a4 Nb7 41. Be8 Ke6 42. Bf2 Nd6 43. Bc6 Nf5 44. Bb7 Ne3+ 45. Bxe3 fxe3 46. Bxa6 Kd5 47. Bb7+ Kc5 48. Bc8 Kb6 49. Bd7 Kc5 50. Be6 Bf6 51. f4 Bh8 52. h4 Bg7 53. h5 Bh6 54. Bg4 Bxf4 55. Be2 Bh6 56. a5 Kb5 57. a6 Kxa6 58. Bxc4+ Kb6 59. Be2 Kc5 60. Kd3 Kd5 61. Bf3+ Ke5 62. c4 Bf4 63. c5 Kf6 64. Ke4 Bb8 65. Kxe3 Ba7 66. Kd4 Kg7 67. Kd5 Bxc5 68. Kxc5 Kh8 69. Kd6 Kg7 70. Ke6 Kh8 71. Kf6 Kh7 72. Kg5 Kg7 73. h6+ Kh7 74. Be4+ Kh8 75. Kg6 Kg8 76. h7+ Kh8 77. Kh6 1/2-1/2

[Event "Novi Sad TS IM Mix 275th"]
[Site "Novi Sad"]
[Date "2022.06.16"]
[Round "6"]
[White "Djoric, Dusan"]
[Black "Aarav, Dengla"]
[Result "1-0"]
[WhiteElo "2276"]
[BlackElo "2109"]
[PlyCount "63"]
[EventDate "2022.06.13"]
[EventType "tourn"]
[EventRounds "9"]
[EventCountry "SRB"]
[EventCategory "1"]
[SourceTitle "CBM 208 Extra"]
[Source "ChessBase"]
[SourceDate "2022.07.31"]
[SourceVersion "1"]
[SourceVersionDate "2022.07.31"]
[SourceQuality "1"]

1. d4 d5 2. c4 e6 3. Nc3 Nf6 4. Bg5 c6 5. e3 Nbd7 6. Nf3 Qa5 7. Nd2 Bb4 8. Bxf6 Nxf6 9. Qb3 Be7 10. Bd3 0-0 11. 0-0 Qd8 12. a4 a5 13. Nf3 Bd6 14. Rad1 Re8 15. e4 dxe4 16. Nxe4 Nxe4 17. Bxe4 Bb4 18. Ne5 Qc7 19. c5 Rb8 20. Rd3 g6 21. Rf3 f5 22. Bxf5 gxf5 23. Rg3+ Kh8 24. Qe3 Rg8 25. Nf7+ Qxf7 26. Qe5+ Rg7 27. Rxg7 Qxg7 28. Qxb8 Qd7 29. Rd1 Kg8 30. Rd3 Bxc5 31. Qg3+ Qg7 32. dxc5 1-0

[Event "Novi Sad TS IM Mix 272nd"]
[Site "Novi Sad"]
[Date "2022.06.10"]
[Round "7"]
[White "Savitha Shri, B."]
[Black "Djoric, Dusan"]
[Result "1/2-1/2"]
[WhiteElo "2230"]
[BlackElo "2276"]
[PlyCount "183"]
[EventDate "2022.06.06"]
[EventType "tourn"]
[EventRounds "9"]
[EventCountry "SRB"]
[EventCategory "1"]
[SourceTitle "CBM 208 Extra"]
[Source "ChessBase"]
[SourceDate "2022.07.31"]
[SourceVersion "1"]
[SourceVersionDate "2022.07.31"]
[SourceQuality "1"]

1. e4 c5 2. Nf3 d6 3. d4 cxd4 4. Nxd4 Nf6 5. Nc3 a6 6. Be3 e5 7. Nb3 Be6 8. Qf3 Nbd7 9. h3 Rc8 10. g4 Rxc3 11. bxc3 d5 12. Bd3 Qc7 13. 0-0 h5 14. g5 dxe4 15. Bxe4 Nxe4 16. Qxe4 Bxh3 17. Rfe1 g6 18. Nd2 Be7 19. Rab1 b6 20. Nc4 b5 21. Nb6 Nxb6 22. Bxb6 Qxb6 23. Qxe5 0-0 24. Qxe7 Qc6 25. Qe4 Qxc3 26. Rb3 Qc8 27. Qe5 Be6 28. Rc3 Bc4 29. a3 Qd7 30. Rce3 Be6 31. Qf6 Bc4 32. Re4 a5 33. Qf4 a4 34. Kh2 Be6 35. R4e2 Qd5 36. Qf6 Qc4 37. Re4 Qxc2 38. Kg1 Qd3 39. R1e3 Qc2 40. Re1 Qd3 41. R4e3 Qc4 42. Re4 Qd3 43. Rd4 Qf5 44. Qxf5 Bxf5 45. Re5 Rb8 46. Kh2 Be6 47. Kg3 Bc4 48. f4 Be6 49. Rc5 Bc4 50. f5 gxf5 51. Rxf5 Re8 52. Rf3 Kg7 53. Kh4 Re1 54. Rdf4 Rg1 55. Re3 Rh1+ 56. Rh3 Rg1 57. Kxh5 Be6 58. Re3 Rh1+ 59. Rh4 Rg1 60. Rh2 Kh7 61. Rc3 Kg7 62. Rc5 Bc4 63. Kh4 Ra1 64. Rh3 Rg1 65. Rg3 Rh1+ 66. Kg4 Rf1 67. Re3 Rg1+ 68. Kf4 Ra1 69. Rc8 Be6 70. Rb8 Rf1+ 71. Rf3 Rb1 72. Ke5 Rg1 73. Kd6 Rxg5 74. Rc3 Bc4 75. Re3 Kf6 76. Rh8 Rd5+ 77. Kc6 Rd3 78. Rxd3 Bxd3 79. Kd5 Kf5 80. Kd4 Bc4 81. Ke3 Ke5 82. Re8+ Be6 83. Rb8 Bd7 84. Rd8 Kd6 85. Kd4 Kc7 86. Rf8 Be6 87. Ke5 Kc6 88. Kd4 Kd6 89. Rb8 Bc4 90. Rb6+ Ke7 91. Ke5 Kd7 92. Kd4 1/2-1/2

[Event "Novi Sad TS IM Mix 272nd"]
[Site "Novi Sad"]
[Date "2022.06.06"]
[Round "1"]
[White "Djoric, Dusan"]
[Black "Bozic, Milan"]
[Result "1/2-1/2"]
[WhiteElo "2276"]
[BlackElo "2216"]
[PlyCount "40"]
[EventDate "2022.06.06"]
[EventType "tourn"]
[EventRounds "9"]
[EventCountry "SRB"]
[EventCategory "1"]
[SourceTitle "CBM 208 Extra"]
[Source "ChessBase"]
[SourceDate "2022.07.31"]
[SourceVersion "1"]
[SourceVersionDate "2022.07.31"]
[SourceQuality "1"]

1. Nf3 Nf6 2. g3 g6 3. Bg2 Bg7 4. 0-0 0-0 5. c4 c5 6. Nc3 Nc6 7. d3 d6 8. Bd2 h6 9. Rb1 Rb8 10. a3 a6 11. b4 cxb4 12. axb4 b5 13. cxb5 axb5 14. h3 Bd7 15. Re1 Re8 16. e3 e6 17. d4 d5 18. Qb3 Qb6 19. Ra1 Ra8 20. Nh2 Kh7 1/2-1/2

[Event "Novi Sad TS IM Mix 267th"]
[Site "Novi Sad"]
[Date "2022.06.02"]
[Round "6"]
[White "Djoric, Dusan"]
[Black "Popchev, Milko"]
[Result "1/2-1/2"]
[WhiteElo "2292"]
[BlackElo "2200"]
[PlyCount "20"]
[EventDate "2022.05.30"]
[EventType "tourn"]
[EventRounds "9"]
[EventCountry "SRB"]
[SourceTitle "EXT 2023"]
[Source "ChessBase"]
[SourceDate "2022.10.05"]
[SourceVersion "1"]
[SourceVersionDate "2022.10.05"]
[SourceQuality "1"]

1. d4 d5 2. Nf3 Nf6 3. e3 a6 4. Be2 Bf5 5. 0-0 e6 6. b3 Be7 7. Bb2 h6 8. a3 0-0 9. Nbd2 c5 10. dxc5 Bxc5 1/2-1/2

[Event "Novi Sad TS IM Mix 277th"]
[Site "Novi Sad"]
[Date "2022.05.18"]
[Round "4"]
[White "Djoric, Dusan"]
[Black "Singh, Ojasva"]
[Result "1/2-1/2"]
[WhiteElo "2292"]
[BlackElo "2066"]
[PlyCount "54"]
[EventDate "2022.05.16"]
[EventType "schev"]
[EventRounds "9"]
[EventCountry "SRB"]
[SourceTitle "CBM 208 Extra"]
[Source "ChessBase"]
[SourceDate "2022.07.31"]
[SourceVersion "1"]
[SourceVersionDate "2022.07.31"]
[SourceQuality "1"]

1. Nf3 d5 2. c4 c6 3. b3 Nf6 4. Bb2 e6 5. g3 Bd6 6. Bg2 Nbd7 7. 0-0 e5 8. cxd5 cxd5 9. d3 Qe7 10. Qc1 0-0 11. Ba3 Nb8 12. Bxd6 Qxd6 13. Qa3 Qxa3 14. Nxa3 Nc6 15. Rfc1 Bg4 16. e3 Rac8 17. Nc2 Rfd8 18. h3 Bxf3 19. Bxf3 Kf8 20. d4 exd4 21. Nxd4 Nxd4 22. exd4 Ke7 23. Kf1 Kd6 24. Ke2 Rxc1 25. Rxc1 b6 26. Kd3 Re8 27. h4 Nd7 1/2-1/2

[Event "Novi Sad TS IM Mix 257th"]
[Site "Novi Sad"]
[Date "2022.05.12"]
[Round "6"]
[White "Maksimovic, Branimir"]
[Black "Djoric, Dusan"]
[Result "0-1"]
[WhiteElo "2247"]
[BlackElo "2292"]
[PlyCount "68"]
[EventDate "2022.05.09"]
[EventType "tourn"]
[EventRounds "9"]
[EventCountry "SRB"]
[SourceTitle "CBM 208 Extra"]
[Source "ChessBase"]
[SourceDate "2022.07.31"]
[SourceVersion "1"]
[SourceVersionDate "2022.07.31"]
[SourceQuality "1"]

1. e4 c5 2. Nc3 e6 3. Nf3 a6 4. d4 cxd4 5. Nxd4 Qc7 6. Bd3 Nc6 7. Nxc6 bxc6 8. 0-0 Nf6 9. Bg5 Bd6 10. f4 h6 11. Bxf6 gxf6 12. e5 fxe5 13. fxe5 Bc5+ 14. Kh1 Qxe5 15. Qf3 Rf8 16. Rae1 Qg7 17. Nd5 Kd8 18. Nf6 Be7 19. b3 Bxf6 20. Qxf6+ Qxf6 21. Rxf6 Ke7 22. Rxh6 f5 23. Rh7+ Kd6 24. Kg1 Kc5 25. Kf2 a5 26. h4 d6 27. h5 e5 28. h6 e4 29. Bf1 d5 30. c3 f4 31. Rg7 Bf5 32. g4 fxg3+ 33. Kxg3 Rf6 34. Rg5 Rh8 0-1